| 000 | 00845nam a2200265Ia 4500 | ||
|---|---|---|---|
| 001 | Para_8663 | ||
| 003 | CHAP | ||
| 008 | 220125s9999 xx 000 0 und d | ||
| 010 | _a207474 | ||
| 040 | _cCHAP | ||
| 082 | _aPA-C 595.752 A6 | ||
| 100 |
_aTakahashi, Ryoichi _9111377 |
||
| 245 |
_aAdditions to the aphid fauna of formosa (Hemiptera) / _c Ryoichi, Takahashi |
||
| 300 | _a5 p. | ||
| 440 |
_aAphidae; 30 _9174064 |
||
| 500 | _aSobretiro de: The Philippine Journal of Science, 48 (1): 69-73, 1932. Encuadernado con otros impresos similares | ||
| 650 |
_a _x Afididos _x Colecciones de escritos _x Afididos _xFormosa _x Hemiptera _9174068 |
||
| 901 | _aPA-C 595.752 A6 | ||
| 902 | _aA | ||
| 905 | _a000000 0000000000 00 | ||
| 910 | _a | ||
| 942 | _cPARA | ||
| 942 |
_cPARA _d1 |
||
| 999 |
_c207474 _d207474 |
||